| 000 | 00518nam a2200193 a 4500 | ||
|---|---|---|---|
| 005 | 20240920064546.0 | ||
| 008 | 991125c1973 bar 000 0 spa u | ||
| 020 | _a8434574225 | ||
| 035 | _aUPN01000023855 | ||
| 049 | _aCE | ||
| 050 | 4 |
_aAC70 S2.4 _bno.64 |
|
| 245 | 0 | 3 | _aLa explosión educativa |
| 260 |
_aBarcelona, Esp. : _bSalvat, _c1973 |
||
| 300 |
_a141 p. : _bil. col |
||
| 440 | 0 |
_aBiblioteca Salvat de grandes temas; _v64 |
|
| 650 | 4 |
_aEducación _xHistoria _96182 |
|
| 904 |
_aAC _b023856 |
||
| 905 | _aLibro | ||
| 999 |
_c23855 _d23855 |
||